Social thinking of Rabindranath Tagore (Record no. 419960)

000 -LEADER
fixed length control field 00386cam a22001337a 4500
008 - FIXED-LENGTH DATA ELEMENTS--GENERAL INFORMATION
fixed length control field 180718b1962 xxu||||| |||| 00| 0 eng d
082 ## - DEWEY DECIMAL CLASSIFICATION NUMBER
Classification number B2 T129 Si64
100 ## - MAIN ENTRY--PERSONAL NAME
Personal name Sinha, Sasadhar
245 ## - TITLE STATEMENT
Title Social thinking of Rabindranath Tagore
Statement of responsibility, etc. by Sasadhar Sinha
260 ## - PUBLICATION, DISTRIBUTION, ETC.
Place of publication, distribution, etc. Bombay
Name of publisher, distributor, etc. Asia
Date of publication, distribution, etc. 1962
300 ## - PHYSICAL DESCRIPTION
Extent xiv, 198p
650 ## - SUBJECT ADDED ENTRY--TOPICAL TERM
Topical term or geographic name entry element Social problems.
650 ## - SUBJECT ADDED ENTRY--TOPICAL TERM
Topical term or geographic name entry element Tagore, Rabindranath, 1861-1941
Holdings
Withdrawn status Lost status Damaged status Not for loan Permanent Location Current Location Date acquired Full call number Barcode Date last seen Price effective from Koha item type
        Indian Institute of Public Administration Indian Institute of Public Administration 2009-07-10 B2 T129 Si64 29830 2018-07-21 2018-07-21 Book

Powered by Koha